[Event "XXXVIII Festival A"]
[Site "Imperia ITA"]
[Date "1996.09.??"]
[Round "1"]
[White "Jurek, Josef"]
[Black "Coutton, Sylvain"]
[WhiteElo "2380"]
[BlackElo "2155"]
[Result "1-0"]
[PlyCount "61"]
[EventDate "1996.09.01"]

1. Nf3 Nf6 2. c4 e6 3. g3 d5 4. Bg2 Be7 5. O-O O-O 6. d4 c5 7. cxd5 exd5 8. b3
Nc6 9. Bb2 Re8 10. Nc3 Bg4 11. dxc5 Bxc5 12. Rc1 a6 13. Nxd5 Bxf2+ 14. Rxf2
Nxd5 15. Ne5 Ne3 16. Qxd8 Raxd8 17. Bxc6 bxc6 18. Rf4 Be6 19. Rd4 Nf5 20. Rd3
h6 21. Rxc6 Bd5 22. Rc7 f6 23. Nd7 Bf7 24. Bxf6 gxf6 25. Nxf6+ Kf8 26. Nxe8
Rxd3 27. exd3 Bxe8 28. Kf2 Bb5 29. Ke2 Nd4+ 30. Ke3 Ne6 31. Ra7 1-0

[Event "XXXVIII Festival A"]
[Site "Imperia ITA"]
[Date "1996.09.??"]
[Round "1"]
[White "Keller, Rudolf"]
[Black "Mozny, Milos"]
[WhiteElo "2280"]
[BlackElo "2420"]
[Result "1/2-1/2"]
[PlyCount "91"]
[EventDate "1996.09.01"]

1. e4 c5 2. Nf3 e6 3. Nc3 d6 4. d4 cxd4 5. Qxd4 Nc6 6. Bb5 Bd7 7. Bxc6 Bxc6 8.
Bg5 Qb6 9. Qxb6 axb6 10. Nd4 Nf6 11. f3 Be7 12. Be3 O-O 13. O-O Rfc8 14. Rf2
Be8 15. Rd2 Nd7 16. Ndb5 Ne5 17. b3 d5 18. Bd4 Bb4 19. Rf2 Nc6 20. Bxb6 Ra6 21.
Na4 Ne7 22. c3 Bxb5 23. cxb4 Bxa4 24. Bc5 Rxc5 25. bxc5 Bxb3 26. Rb2 Ba4 27.
Rxb7 Nc6 28. exd5 exd5 29. Rab1 g5 30. Rd7 d4 31. Rbb7 Ne5 32. Rxd4 Bc6 33. Rb2
Kg7 34. Re2 f6 35. Rb2 Kg6 36. Rc2 Bxf3 37. Rd6 Bc6 38. Rf2 Nd7 39. Rfd2 Ne5
40. Rf2 Nd7 41. a4 Kg7 42. a5 Ne5 43. Rfxf6 Rxa5 44. Rf5 Rxc5 45. Rxg5+ Kf7 46.
Rxc6 1/2-1/2

[Event "XXXVIII Festival A"]
[Site "Imperia ITA"]
[Date "1996.09.??"]
[Round "1"]
[White "Mambrini, Augusto"]
[Black "Kucera, Petr"]
[WhiteElo "2200"]
[BlackElo "2330"]
[Result "1/2-1/2"]
[PlyCount "22"]
[EventDate "1996.09.01"]

1. d4 Nf6 2. Nf3 d6 3. Nc3 c6 4. e4 Bg4 5. Be2 e6 6. O-O Be7 7. Bf4 O-O 8. Re1
d5 9. exd5 cxd5 10. Ne5 Bxe2 11. Nxe2 Nbd7 1/2-1/2

[Event "XXXVIII Festival A"]
[Site "Imperia ITA"]
[Date "1996.09.??"]
[Round "1"]
[White "Marinescu, Marian"]
[Black "Beil, Zdenek"]
[WhiteElo "2130"]
[BlackElo "2325"]
[Result "0-1"]
[PlyCount "56"]
[EventDate "1996.09.01"]

1. d4 d5 2. c4 c6 3. Nf3 Nf6 4. Nc3 Bf5 5. cxd5 Nxd5 6. e3 e6 7. Bd3 Bb4 8. Qc2
Bg6 9. O-O Nd7 10. e4 Nxc3 11. bxc3 Bd6 12. Bg5 Be7 13. Bxe7 Qxe7 14. Rab1 b6
15. Nd2 O-O 16. e5 Bxd3 17. Qxd3 Rfd8 18. Qe3 Qa3 19. Ra1 b5 20. Rfb1 Nb6 21.
Qg3 c5 22. Rb3 Qa4 23. Ne4 cxd4 24. Nf6+ Kh8 25. Nh5 Rg8 26. Rb4 Qc2 27. Rxd4
Nd5 28. Rad1 Nxc3 0-1

[Event "XXXVIII Festival A"]
[Site "Imperia ITA"]
[Date "1996.09.??"]
[Round "1"]
[White "Minnebo, Alain"]
[Black "Lacrosse, Marc"]
[WhiteElo "2214"]
[BlackElo "2250"]
[Result "0-1"]
[PlyCount "66"]
[EventDate "1996.09.01"]

1. c4 e6 2. g3 d5 3. Bg2 Nf6 4. Nf3 Be7 5. O-O O-O 6. b3 c5 7. Bb2 Nc6 8. e3 b6
9. Nc3 Bb7 10. d4 dxc4 11. bxc4 Na5 12. Qd3 Rc8 13. Nd2 Bxg2 14. Kxg2 cxd4 15.
exd4 Qc7 16. Nb5 Qd7 17. a4 g6 18. Na3 Bxa3 19. Bxa3 Rfd8 20. c5 bxc5 21. Qa6
Qd5+ 22. Kg1 cxd4 23. Rfc1 Ra8 24. Qb5 Rdb8 25. Qxd5 Nxd5 26. Bd6 Rd8 27. Bc7
Nxc7 28. Rxc7 Kf8 29. Kf1 Rac8 30. Rxc8 Rxc8 31. Ke2 Ke7 32. Kd3 e5 33. Rb1
33... f6 {...} 0-1

[Event "XXXVIII Festival A"]
[Site "Imperia ITA"]
[Date "1996.09.??"]
[Round "1"]
[White "Nurkic, Sahbaz"]
[Black "Beeckmans, Felix"]
[WhiteElo "2405"]
[BlackElo "2175"]
[Result "0-1"]
[PlyCount "104"]
[EventDate "1996.09.01"]

1. e4 c5 2. c3 g6 3. d4 cxd4 4. cxd4 d5 5. exd5 Nf6 6. Nc3 Bg7 7. Nf3 O-O 8.
Qb3 Nbd7 9. d6 exd6 10. Be2 Nb6 11. O-O Be6 12. Qd1 h6 13. Re1 a6 14. Bd3 Re8
15. h3 Rc8 16. Be3 Nbd5 17. Qd2 Kh7 18. Rac1 Qd7 19. Re2 Nxc3 20. bxc3 Bc4 21.
Bxc4 Rxc4 22. Qd3 b5 23. Rec2 Ne4 24. Nh2 Qf5 25. Nf1 Rec8 26. g4 Qd5 27. Bf4
Qc6 28. d5 Qc7 29. Re1 Nxc3 30. Bg3 Nxd5 31. Rd2 Nf4 32. Qxd6 Qxd6 33. Rxd6
Nxh3+ 34. Kg2 Nf4+ 35. Kf3 Ne6 36. Rxa6 Ng5+ 37. Kg2 Rxg4 38. Re7 Ra4 39. Rxa4
bxa4 40. Ne3 Kg8 41. Ra7 Bd4 42. Rxa4 Bxe3 43. fxe3 Rc2+ 44. Kf1 Nf3 45. a3 Kg7
46. Rf4 Nd2+ 47. Ke2 Nb1+ 48. Kd1 Rg2 49. Be1 g5 50. Ra4 h5 51. Ra6 h4 52. a4
h3 0-1

[Event "XXXVIII Festival A"]
[Site "Imperia ITA"]
[Date "1996.09.??"]
[Round "1"]
[White "Pax, Horst"]
[Black "Sarno, Spartaco"]
[WhiteElo "2180"]
[BlackElo "2410"]
[Result "0-1"]
[PlyCount "80"]
[EventDate "1996.09.01"]

1. e4 d6 2. d4 Nf6 3. Nc3 g6 4. f4 Bg7 5. Nf3 O-O 6. Bd3 Na6 7. O-O c5 8. d5
Bg4 9. Qe2 Nc7 10. a4 e6 11. dxe6 Nxe6 12. Be3 d5 13. exd5 Nxd5 14. Nxd5 Qxd5
15. Bc4 Qe4 16. Bd3 Nxf4 17. Bxe4 Nxe2+ 18. Kf2 Nd4 19. c3 Rfe8 20. Nd2 Bf5 21.
Bxf5 Nxf5 22. Bxc5 b6 23. Bb4 Ne3 24. Rfe1 Bh6 25. Nf3 Nc2 26. Rxe8+ Rxe8 27.
Rd1 Nxb4 28. cxb4 Re4 29. Rd7 Rxb4 30. Rxa7 Rxb2+ 31. Kg3 Ra2 32. Rb7 Be3 33.
Ne5 Bf2+ 34. Kf3 Bc5 35. Nd7 Ra3+ 36. Ke2 Rxa4 37. Nf6+ Kg7 38. Ne8+ Kf8 39.
Nf6 Ra2+ 40. Kd3 Rxg2 0-1

[Event "XXXVIII Festival A"]
[Site "Imperia ITA"]
[Date "1996.09.??"]
[Round "1"]
[White "Pegoraro, Nicola"]
[Black "Bozzali, Ermanno"]
[WhiteElo "2034"]
[BlackElo "2195"]
[Result "0-1"]
[PlyCount "92"]
[EventDate "1996.09.01"]

1. e4 c5 2. Nf3 d6 3. d4 cxd4 4. Nxd4 Nf6 5. Nc3 a6 6. Bg5 e6 7. f4 b5 8. e5
dxe5 9. fxe5 Qc7 10. Qe2 Nfd7 11. O-O-O Bb7 12. Qg4 Qb6 13. Nf3 h6 14. Bh4 g5
15. Be1 h5 16. Qg3 h4 17. Qg4 Nc6 18. Kb1 Ncxe5 19. Nxe5 Nxe5 20. Qxg5 Ng6 21.
Bd3 Be7 22. Qg4 O-O-O 23. Qe2 Nf4 24. Qf2 Qxf2 25. Bxf2 Nxd3 26. cxd3 h3 27.
Rhg1 hxg2 28. Ne2 Bf3 29. Rc1+ Kb7 30. Nd4 Bd5 31. Bg3 Bd6 32. Ne2 Bxg3 33.
hxg3 e5 34. Rce1 Rh1 35. Kc2 Rdh8 36. b3 Bf3 37. Kd2 Rxg1 38. Nxg1 Bc6 39. Rxe5
Rh1 40. Re1 Kb6 41. Ke3 Rh8 42. Kf2 Ka5 43. Rc1 Ba8 44. Ne2 Kb4 45. Rc2 Rh6 46.
Nf4 g1=Q+ 0-1

[Event "XXXVIII Festival A"]
[Site "Imperia ITA"]
[Date "1996.09.??"]
[Round "1"]
[White "Plesek, Jiri"]
[Black "Tonon, Alessandro"]
[WhiteElo "2290"]
[BlackElo "2105"]
[Result "0-1"]
[PlyCount "102"]
[EventDate "1996.09.01"]

1. d4 Nf6 2. Nf3 c5 3. e3 g6 4. Bd3 Bg7 5. O-O O-O 6. c3 b6 7. Qe2 d5 8. Nbd2
Bb7 9. Ne5 Nfd7 10. f4 Nxe5 11. fxe5 f6 12. exf6 exf6 13. dxc5 bxc5 14. Nf3 Qe7
15. Bd2 Nd7 16. b4 f5 17. Rab1 c4 18. Bc2 Ne5 19. Nd4 Bc8 20. a4 Bd7 21. Rbe1
Rae8 22. Bc1 a6 23. Bd2 Kh8 24. h3 Nc6 25. Qd1 Be5 26. Qf3 Qd6 27. Kh1 Bf6 28.
g3 Bg5 29. Bc1 Ne5 30. Qg2 Nf7 31. Kh2 Re7 32. Re2 Rfe8 33. Rfe1 Bf6 34. Bd2
Ne5 35. Bc1 Nd3 36. Bxd3 cxd3 37. Ra2 Bxd4 38. cxd4 Qxb4 39. Qd2 Qc4 40. Ba3
Rxe3 41. Rxe3 Rxe3 42. Qxe3 Qxa2+ 43. Kg1 Qxa3 44. Qe5+ Kg8 45. Qxd5+ Kf8 46.
Qxd7 Qc1+ 47. Kf2 Qd2+ 48. Kg1 Qe1+ 49. Kg2 Qe2+ 50. Kg1 d2 51. Qc8+ Kf7 0-1

[Event "XXXVIII Festival A"]
[Site "Imperia ITA"]
[Date "1996.09.??"]
[Round "1"]
[White "Rossi, Giampiero"]
[Black "Luciani, Carlo"]
[WhiteElo "2105"]
[BlackElo "2290"]
[Result "1/2-1/2"]
[PlyCount "147"]
[EventDate "1996.09.01"]

1. d4 c5 2. dxc5 e6 3. c4 Bxc5 4. Nc3 f5 5. Nf3 Nf6 6. a3 Ne4 7. Nxe4 fxe4 8.
Nd4 Qf6 9. e3 O-O 10. Qd2 Nc6 11. Nxc6 dxc6 12. Ra2 e5 13. b4 Bg4 14. h3 Rad8
15. hxg4 Rxd2 16. Rxd2 Be7 17. c5 Qe6 18. Be2 Rd8 19. Rxd8+ Bxd8 20. O-O Qa2
21. Re1 a5 22. Kf1 Qb3 23. Rd1 Be7 24. Bd2 Qxa3 25. bxa5 Qxc5 26. Ra1 Qc2 27.
Ke1 Qb2 28. Ra4 Kf8 29. Bd1 Qb1 30. a6 bxa6 31. Rxa6 Qb7 32. Ra4 Qb1 33. Ra6 c5
34. Ra4 g6 35. Rc4 Bd6 36. Rc1 Qb7 37. Be2 Ke7 38. Rc4 Ke6 39. Rc1 Be7 40. Bc4+
Kf6 41. Be2 Qc6 42. Ra1 Kg5 43. g3 Bd8 44. Rc1 Bb6 45. Rc4 Qa8 46. Bd1 Qd5 47.
Be2 Kf6 48. Rc1 Ke7 49. Rb1 Qc6 50. Ra1 Kd6 51. Rc1 Qa8 52. Kf1 Qa2 53. Ke1 Ba5
54. Bxa5 Qxa5+ 55. Kd1 Ke6 56. Bc4+ Kf6 57. Be2 Kg5 58. Rc4 h5 59. gxh5 gxh5
60. Rc1 h4 61. gxh4+ Kxh4 62. Rc4 Kh3 63. Bf1+ Kh2 64. Rc2 Qa1+ 65. Rc1 Qa4+
66. Rc2 Kg1 67. Bc4 Qd7+ 68. Kc1 Qd8 69. Kb2 Qa5 70. Kb1 Qa3 71. Rb2 Qc3 72.
Rc2 Qa5 73. Kb2 Qb4+ 74. Ka2 {...} 1/2-1/2

[Event "XXXVIII Festival A"]
[Site "Imperia ITA"]
[Date "1996.09.??"]
[Round "1"]
[White "Sejkora, Vlastimil"]
[Black "Garano, Nicola"]
[WhiteElo "2235"]
[BlackElo "2125"]
[Result "0-1"]
[PlyCount "52"]
[EventDate "1996.09.01"]

1. e4 c5 2. Nf3 Nc6 3. Bb5 g6 4. O-O Bg7 5. c3 Nf6 6. Re1 O-O 7. d4 cxd4 8.
cxd4 d5 9. e5 Ne4 10. h3 Qa5 11. a4 f6 12. Qb3 e6 13. Bxc6 bxc6 14. exf6 Rxf6
15. Nc3 Kh8 16. Be3 Rxf3 17. gxf3 Nd6 18. Bf4 Nf5 19. Ne2 Qd8 20. Rad1 Qh4 21.
Kg2 e5 22. dxe5 g5 23. Bh2 h5 24. Rh1 Qxh3+ 25. Kxh3 Ne3+ 26. Kg3 h4# 0-1

[Event "XXXVIII Festival A"]
[Site "Imperia ITA"]
[Date "1996.09.??"]
[Round "1"]
[White "Spinelli, Doriano"]
[Black "Fusari, Paolo"]
[WhiteElo "2195"]
[BlackElo "1903"]
[Result "1-0"]
[PlyCount "53"]
[EventDate "1996.09.01"]

1. e4 e5 2. Nf3 Nc6 3. d4 exd4 4. Nxd4 Qh4 5. Nc3 Bb4 6. Ndb5 Qxe4+ 7. Be2 Kd8
8. O-O Bxc3 9. bxc3 a6 10. Na3 Nf6 11. Bf3 Qh4 12. g3 Qh3 13. Nc4 h5 14. Bg5
Ne7 15. Re1 d6 16. Qd4 Be6 17. Bxf6 gxf6 18. Bxb7 Kd7 19. Qxf6 h4 20. Rad1 hxg3
21. Ne5+ Ke8 22. Nf3 gxh2+ 23. Kh1 Rb8 24. Ng5 Qh6 25. Bc6+ Nxc6 26. Qxf7+ Kd8
27. Nxe6+ 1-0

[Event "XXXVIII Festival A"]
[Site "Imperia ITA"]
[Date "1996.09.??"]
[Round "1"]
[White "Travaglini, Alberto"]
[Black "Patelli, Alessandro"]
[WhiteElo "2021"]
[BlackElo "2240"]
[Result "1/2-1/2"]
[PlyCount "48"]
[EventDate "1996.09.01"]

1. d4 Nf6 2. Nf3 e6 3. Bf4 b6 4. e3 Bb7 5. Nbd2 Be7 6. Bd3 c5 7. c3 d6 8. a4
Nbd7 9. h3 O-O 10. Qe2 cxd4 11. exd4 Qc7 12. O-O Rfe8 13. Bh2 Bf8 14. Rfe1 Rad8
15. a5 e5 16. axb6 axb6 17. dxe5 Nxe5 18. Nxe5 dxe5 19. Ne4 Nxe4 20. Bxe4 Bxe4
21. Qxe4 f6 22. Kh1 Re7 23. Rad1 Red7 24. Rxd7 Qxd7 1/2-1/2

[Event "XXXVIII Festival A"]
[Site "Imperia ITA"]
[Date "1996.09.??"]
[Round "1"]
[White "Ventura, Boris"]
[Black "Mrdja, Milan"]
[WhiteElo "2190"]
[BlackElo "2455"]
[Result "0-1"]
[PlyCount "71"]
[EventDate "1996.09.01"]

1. e4 c5 2. Nf3 d6 3. d4 cxd4 4. Nxd4 Nf6 5. Nc3 a6 6. f4 e6 7. Bd3 Nc6 8. Nf3
Be7 9. O-O O-O 10. Qe1 Nb4 11. Kh1 b5 12. Qg3 g6 13. Bd2 Nxd3 14. cxd3 b4 15.
Ne2 a5 16. a3 bxa3 17. bxa3 Ba6 18. Nfd4 Qd7 19. f5 e5 20. fxg6 exd4 21. gxh7+
Kh8 22. Rf5 Nxh7 23. Raf1 Rg8 24. Qf3 f6 25. Nxd4 Bc8 26. h3 Qe8 27. Rh5 Bd7
28. g4 a4 29. Qe3 Rg5 30. Rxg5 Nxg5 31. h4 Nh7 32. Rf2 Bxg4 33. Rg2 Qh5 34. Qg3
Rg8 35. Nf5 Nf8 36. Bc3 {...} 0-1

[Event "XXXVIII Festival A"]
[Site "Imperia ITA"]
[Date "1996.09.??"]
[Round "1"]
[White "Viaggi, Giovanni"]
[Black "Micheli, Carlo"]
[WhiteElo "2120"]
[BlackElo "2305"]
[Result "0-1"]
[PlyCount "66"]
[EventDate "1996.09.01"]

1. e4 d6 2. d4 Nf6 3. Bd3 e5 4. c3 Nc6 5. Nf3 Bg4 6. Be3 d5 7. exd5 Qxd5 8. Be2
e4 9. Nfd2 h5 10. h3 Bf5 11. b4 a6 12. a4 Be7 13. Na3 Qd7 14. Nac4 Nd5 15. Rc1
b5 16. Na3 Nxe3 17. fxe3 Bh4+ 18. Kf1 Ne7 19. axb5 axb5 20. Nc2 Nd5 21. Nb1 Rh6
22. g4 Rf6 23. Kg1 Rg6 24. Rh2 hxg4 25. hxg4 Bxg4 26. Rg2 Bxe2 27. Qxe2 Raa6
28. Ne1 Bxe1 29. Qxe1 Rxg2+ 30. Kxg2 Rg6+ 31. Kf2 Qf5+ 32. Ke2 Rg2+ 33. Kd1
Qf3+ 0-1

[Event "XXXVIII Festival A"]
[Site "Imperia ITA"]
[Date "1996.09.??"]
[Round "1"]
[White "Vismara, Daniele"]
[Black "Lanzani, Mario"]
[WhiteElo "2155"]
[BlackElo "2355"]
[Result "0-1"]
[PlyCount "134"]
[EventDate "1996.09.01"]

1. e4 e5 2. Nf3 Nc6 3. Bb5 f5 4. Bxc6 dxc6 5. Nxe5 Qd4 6. Nf3 Qxe4+ 7. Qe2 Nf6
8. d3 Qxe2+ 9. Kxe2 Bd6 10. Bg5 O-O 11. Bxf6 Rxf6 12. Re1 Re6+ 13. Kf1 Rxe1+
14. Kxe1 Be6 15. Nbd2 Bd5 16. Kf1 Re8 17. Re1 Rxe1+ 18. Kxe1 h6 19. c4 Be6 20.
d4 Kf7 21. b3 Kf6 22. Ke2 g5 23. g3 b6 24. Ne1 c5 25. dxc5 Bxc5 26. Nd3 Bd6 27.
Ke3 a5 28. a4 Bf7 29. Nb1 f4+ 30. gxf4 gxf4+ 31. Kd4 c5+ 32. Kc3 Kg5 33. Nd2
Kg4 34. Ne4 Bc7 35. Nf6+ Kh3 36. Nd5 Bxd5 37. cxd5 Kxh2 38. Kc4 Kg1 39. Kb5 f3
40. Kc6 Bd8 41. d6 h5 42. Kd7 Bg5 43. Ke6 h4 44. Ne5 Kxf2 45. Nf7 Bf4 46. d7
Bc7 47. Kd5 Kg3 48. Kc6 f2 49. Kxc7 f1=Q 50. Nd6 Qf8 51. Nf5+ Qxf5 52. d8=Q h3
53. Kxb6 h2 54. Qd6+ Qf4 55. Qd3+ Kf2 56. Qc2+ Ke1 57. Qb1+ Kd2 58. Qh1 Kc2 59.
Kxa5 Kxb3 60. Qb1+ Kc3 61. Qa1+ Kd2 62. Qb2+ Ke1 63. Qb1+ Ke2 64. Qh1 c4 65.
Kb4 c3+ 66. Kb3 c2 67. Kxc2 Qd2+ 0-1

[Event "XXXVIII Festival A"]
[Site "Imperia ITA"]
[Date "1996.09.??"]
[Round "1"]
[White "Vujovic, Milorad"]
[Black "Vasicek, Martin"]
[WhiteElo "2310"]
[BlackElo "2125"]
[Result "1-0"]
[PlyCount "103"]
[EventDate "1996.09.01"]

1. e4 c6 2. d4 d5 3. Nc3 dxe4 4. Nxe4 Bf5 5. Ng3 Bg6 6. N1e2 Nd7 7. Nf4 e5 8.
Nxg6 hxg6 9. Be3 Ngf6 10. Bc4 Qc7 11. Qe2 Nb6 12. dxe5 Qxe5 13. Bxb6 Qxe2+ 14.
Kxe2 axb6 15. Rae1 Bc5 16. Kf3+ Kf8 17. h3 Rh4 18. Bb3 Rd8 19. Rd1 Rhd4 20.
Rxd4 Rxd4 21. Re1 Rd2 22. Re2 Rd1 23. Ne4 Nxe4 24. Kxe4 Rf1 25. Kf3 Rh1 26. c3
Rb1 27. a4 Be7 28. Rd2 Ke8 29. Kg4 Bf6 30. Bc4 Ra1 31. Bb3 Rb1 32. Bd1 Ra1 33.
f4 Ra2 34. g3 Ra1 35. h4 Rb1 36. Kf3 b5 37. axb5 cxb5 38. Be2 b4 39. Bd3 Ra1
40. Bb5+ Kf8 41. cxb4 Rb1 42. Re2 Kg8 43. Re8+ Kh7 44. Bc4 Rxb2 45. Bxf7 Rxb4
46. Bg8+ Kh8 47. Bd5+ Kh7 48. Be4 Rd4 49. h5 Rd8 50. hxg6+ Kh6 51. Rxd8 Bxd8
52. g4 1-0

[Event "XXXVIII Festival A"]
[Site "Imperia ITA"]
[Date "1996.09.??"]
[Round "1"]
[White "Welker, Michael"]
[Black "Di Paolo, Raffaele"]
[WhiteElo "2085"]
[BlackElo "2285"]
[Result "1-0"]
[PlyCount "73"]
[EventDate "1996.09.01"]

1. c4 e5 2. Nc3 Nf6 3. Nf3 Nc6 4. d4 e4 5. Nd2 Bb4 6. e3 O-O 7. Nd5 Nxd5 8.
cxd5 Ne7 9. Qb3 Bxd2+ 10. Bxd2 d6 11. Rc1 Ng6 12. Qc2 Qg5 13. Qxc7 Nh4 14. Qxd6
Nxg2+ 15. Kd1 Bg4+ 16. Kc2 Bf3 17. Bc4 Rac8 18. Kb1 Rfd8 19. Qb4 Qh4 20. d6 b5
21. Qxb5 Rb8 22. Qf5 Qxf2 23. Qxf7+ Kh8 24. Bc3 Rf8 25. Qe7 Nxe3 26. Rhg1 Bg2
27. d5 Rf7 28. Qg5 h6 29. Qxh6+ Kg8 30. Qg5 Rfb7 31. Bb3 Qe2 32. d7 Qd3+ 33.
Ka1 Rxd7 34. Rxg2 Nxg2 35. Qxg2 e3 36. Qg3 Qe4 37. Qxb8+ 1-0

[Event "XXXVIII Festival A"]
[Site "Imperia ITA"]
[Date "1996.09.??"]
[Round "1"]
[White "Wohl, Aleksandar H."]
[Black "Murgia, Andrea"]
[WhiteElo "2400"]
[BlackElo "2175"]
[Result "1-0"]
[PlyCount "43"]
[EventDate "1996.09.01"]

1. e4 e5 2. Nf3 Nc6 3. Bb5 a6 4. Ba4 d6 5. c4 Bd7 6. Nc3 Nf6 7. d4 exd4 8. Nxd4
Nxd4 9. Bxd7+ Qxd7 10. Qxd4 Be7 11. O-O O-O 12. Bg5 Rfe8 13. e5 Ng4 14. Bxe7
Rxe7 15. exd6 Rae8 16. f3 Nf6 17. Nd5 Re6 18. dxc7 Rd6 19. Rfe1 Rxe1+ 20. Rxe1
Nxd5 21. cxd5 Kf8 22. Qc5 1-0

[Event "XXXVIII Festival A"]
[Site "Imperia ITA"]
[Date "1996.09.??"]
[Round "1"]
[White "Zedek, Alois"]
[Black "Malano, Francesco"]
[WhiteElo "2275"]
[BlackElo "2080"]
[Result "1/2-1/2"]
[PlyCount "87"]
[EventDate "1996.09.01"]

1. c4 Nf6 2. Nf3 e6 3. d4 Bb4+ 4. Nbd2 O-O 5. e3 b6 6. Bd3 Bb7 7. O-O d5 8. Qc2
Nbd7 9. a3 Bd6 10. b4 c5 11. bxc5 bxc5 12. Rb1 Qc7 13. cxd5 exd5 14. dxc5 Nxc5
15. Bb2 Nfe4 16. h3 Bc6 17. Bxe4 dxe4 18. Qc3 f5 19. Qc4+ Qf7 20. Ne5 Qxc4 21.
Ndxc4 Bxe5 22. Bxe5 Nd3 23. Bd4 Rfd8 24. Na5 Bd5 25. Rb5 g6 26. Rfb1 Kf7 27.
Nb7 Rd7 28. Nc5 Nxc5 29. Rxc5 Ke6 30. Ra5 a6 31. Rc1 Bb7 32. Re5+ Kd6 33. Rb1
Rc8 34. g4 fxg4 35. hxg4 Rc2 36. Rb6+ Rc6 37. Rb2 Rdc7 38. Ra5 Re7 39. Bf6 Rf7
40. g5 Rc5 41. Ra4 Ke6 42. Rb6+ Kf5 43. f3 Rd7 44. Rd4 1/2-1/2

[Event "XXXVIII Festival A"]
[Site "Imperia ITA"]
[Date "1996.09.??"]
[Round "1"]
[White "Zlochevskij, Alexander"]
[Black "Mokosch, Andreas"]
[WhiteElo "2415"]
[BlackElo "2180"]
[Result "1-0"]
[PlyCount "83"]
[EventDate "1996.09.01"]

1. d4 d5 2. c4 e6 3. Nf3 c6 4. Qc2 Nf6 5. g3 Nbd7 6. Bg2 Bd6 7. Nbd2 O-O 8. O-O
Re8 9. Rd1 Qe7 10. e4 dxe4 11. Nxe4 Nxe4 12. Qxe4 e5 13. d5 Nf6 14. Qc2 cxd5
15. cxd5 Bg4 16. Qb3 Rac8 17. Re1 Bf5 18. a3 Qd7 19. Be3 Bc2 20. Qa2 Qa4 21.
Nd2 Bd3 22. b3 Qa6 23. Nc4 Bxc4 24. bxc4 Qxc4 25. Qxc4 Rxc4 26. Bxa7 Ra4 27.
Bb6 Rea8 28. Rec1 Nd7 29. Bc7 Bxa3 30. Rcb1 Bc5 31. Rxa4 Rxa4 32. Bh3 Nf8 33.
Bxe5 Re4 34. Bf4 Rd4 35. Bg2 b6 36. h4 h6 37. Be3 Rc4 38. Rd1 Nd7 39. Bh3 Ne5
40. d6 Nc6 41. d7 Nd8 42. Bxc5 1-0

[Event "XXXVIII Festival A"]
[Site "Imperia ITA"]
[Date "1996.09.??"]
[Round "2"]
[White "Astengo, Marcello"]
[Black "Blasco, Domenico"]
[WhiteElo "2115"]
[BlackElo "2220"]
[Result "0-1"]
[PlyCount "80"]
[EventDate "1996.09.01"]

1. d4 Nf6 2. c4 c5 3. d5 b5 4. cxb5 a6 5. bxa6 e6 6. Nc3 Nxd5 7. Nxd5 exd5 8.
Qxd5 Nc6 9. Bg5 f6 10. Bd2 Bxa6 11. e3 Qb8 12. Bc3 Nb4 13. Qh5+ Kd8 14. Qf5
Bxf1 15. Kxf1 Qd6 16. a3 Nd5 17. Qf3 Qa6+ 18. Ne2 Nxc3 19. bxc3 Bd6 20. Qd5 Ke7
21. c4 Rhb8 22. Ng3 g6 23. Ne4 Qc6 24. Qxc6 dxc6 25. Rd1 Rxa3 26. Ke2 Rd8 27.
Rd2 f5 28. Ng5 h6 29. Nh3 Bc7 30. Rxd8 Kxd8 31. Rd1+ Ke7 32. Rd3 Ra2+ 33. Kf3
g5 34. g4 fxg4+ 35. Kxg4 Rc2 36. Kh5 Rxc4 37. Kg6 Rh4 38. Ng1 Rxh2 39. Rd2 g4
40. Kf5 g3 0-1

[Event "XXXVIII Festival A"]
[Site "Imperia ITA"]
[Date "1996.09.??"]
[Round "2"]
[White "Bancod, Ronald"]
[Black "Garrido, Denis"]
[WhiteElo "2400"]
[BlackElo "2215"]
[Result "1/2-1/2"]
[PlyCount "79"]
[EventDate "1996.09.01"]

1. e4 c5 2. Nf3 e6 3. d3 Nc6 4. g3 d5 5. Nbd2 Nge7 6. Bg2 g6 7. h4 h6 8. O-O
Bg7 9. Re1 O-O 10. Nf1 e5 11. exd5 Nxd5 12. Ne3 Nc7 13. Nc4 Bg4 14. a4 Qf6 15.
Ne3 Bd7 16. Nd2 Rae8 17. Ne4 Qe7 18. Nc3 Qd8 19. Nc4 Re6 20. a5 f5 21. Bd2 Kh7
22. h5 g5 23. g4 fxg4 24. Ne4 Nd4 25. Nxc5 Nf3+ 26. Bxf3 gxf3 27. Bc3 g4 28.
Nxe6 Nxe6 29. Nxe5 Qh4 30. Re4 Bxe5 31. Bxe5 Qxh5 32. Bg3 Ng5 33. Re5 Re8 34.
Rxe8 Bxe8 35. Ra3 Qh3 36. Qf1 Qh5 37. Qd1 Qh3 38. Qf1 Qh5 39. Qd1 Qh3 40. Qf1
1/2-1/2

[Event "XXXVIII Festival A"]
[Site "Imperia ITA"]
[Date "1996.09.??"]
[Round "2"]
[White "Beeckmans, Felix"]
[Black "Jurek, Josef"]
[WhiteElo "2175"]
[BlackElo "2380"]
[Result "0-1"]
[PlyCount "106"]
[EventDate "1996.09.01"]

1. Nf3 Nf6 2. g3 b6 3. Bg2 Bb7 4. O-O e6 5. d3 Be7 6. Nbd2 d5 7. e4 c5 8. Re1
Nc6 9. a3 Qc7 10. Nf1 dxe4 11. dxe4 Rd8 12. Qe2 O-O 13. e5 Nd7 14. Bf4 Nd4 15.
Nxd4 cxd4 16. Bxb7 Qxb7 17. Nd2 Nc5 18. Qg4 Kh8 19. Bg5 Bxg5 20. Qxg5 Rd5 21.
b4 Nd7 22. Qe7 Qc8 23. Nf3 Kg8 24. Rad1 Qxc2 25. Rxd4 Rxd4 26. Nxd4 Qc3 27. Nf3
Qxf3 28. Qxd7 Qxa3 29. b5 h5 30. h4 g6 31. Kg2 a6 32. bxa6 Qxa6 33. Rc1 Qa8+
34. Rc6 Rd8 35. Qc7 b5 36. Kh2 Qb8 37. Qb6 Kg7 38. Rd6 Rc8 39. Rc6 Rd8 40. Rd6
Rc8 41. Qe3 Qb7 42. Rb6 Qd5 43. Rd6 Qa8 44. Qf4 Qb7 45. g4 Qe7 46. g5 Qb7 47.
Rd4 Ra8 48. Rb4 Qc6 49. Rd4 Kg8 50. Kg1 Qb7 51. Rb4 Rd8 52. f3 Qb6+ 53. Kf1
Rd1+ 0-1

[Event "XXXVIII Festival A"]
[Site "Imperia ITA"]
[Date "1996.09.??"]
[Round "2"]
[White "Beil, Zdenek"]
[Black "Welker, Michael"]
[WhiteElo "2325"]
[BlackElo "2085"]
[Result "1-0"]
[PlyCount "73"]
[EventDate "1996.09.01"]

1. d4 d5 2. Nf3 Bf5 3. c4 e6 4. Nc3 Nc6 5. Bf4 Nf6 6. c5 a6 7. e3 Be7 8. Bd3
Bxd3 9. Qxd3 b6 10. Na4 bxc5 11. dxc5 Qd7 12. Qd1 Ne4 13. O-O Bf6 14. Nd2 Nxd2
15. Qxd2 e5 16. Bg3 Ne7 17. b3 Nf5 18. Rfd1 Nxg3 19. hxg3 Rd8 20. Rac1 h5 21.
Nc3 c6 22. Qe2 Qc8 23. e4 d4 24. Na4 Qg4 25. Qxg4 hxg4 26. Nb2 Rh5 27. Kf1 d3
28. Kg1 Ke7 29. Nxd3 Rdh8 30. Kf1 Rh1+ 31. Ke2 Rxd1 32. Rxd1 a5 33. Nb2 Rb8 34.
Rd6 Rb4 35. Kd3 Ke8 36. Nc4 a4 37. Kc3 1-0

[Event "XXXVIII Festival A"]
[Site "Imperia ITA"]
[Date "1996.09.??"]
[Round "2"]
[White "Biolek, Richard sr"]
[Black "Barlocco, Carlo"]
[WhiteElo "2395"]
[BlackElo "2195"]
[Result "1-0"]
[PlyCount "109"]
[EventDate "1996.09.01"]

1. e4 c5 2. Nf3 Nc6 3. d4 cxd4 4. Nxd4 Nf6 5. Nc3 d6 6. Bc4 Qb6 7. Nxc6 bxc6 8.
O-O e6 9. Bd3 Be7 10. Na4 Qc7 11. c4 O-O 12. Bf4 Rd8 13. Qe2 Nd7 14. Rfd1 Ne5
15. Bc2 Ba6 16. b3 Bf6 17. Rac1 c5 18. Rd2 Ng6 19. Be3 Bb7 20. Bb1 Bc6 21. Nc3
Qb7 22. f3 Nf8 23. Nb5 Bxb5 24. cxb5 e5 25. Bd3 Ne6 26. Bc4 Nc7 27. Rcd1 Be7
28. a4 Re8 29. g4 Rab8 30. g5 Bf8 31. h4 Ne6 32. Bd5 Qe7 33. Qc4 g6 34. Rg2 Bg7
35. Qc1 Rec8 36. Rc2 Rf8 37. h5 gxh5 38. Rh2 Nf4 39. Bxf4 exf4 40. Rxh5 Be5 41.
Kg2 Kg7 42. Rdh1 Rh8 43. Qe1 Rbg8 44. Rxh7+ Rxh7 45. Rxh7+ Kg6 46. Qh1 Qxg5+
47. Kf1 Bg7 48. Rh4 Kf6 49. Rg4 Rh8 50. Qxh8 Bxh8 51. Rxg5 Kxg5 52. a5 c4 53.
b6 c3 54. Ke2 axb6 55. a6 1-0

[Event "XXXVIII Festival A"]
[Site "Imperia ITA"]
[Date "1996.09.??"]
[Round "2"]
[White "Botta, Tibor"]
[Black "Ventura, Boris"]
[WhiteElo "2215"]
[BlackElo "2190"]
[Result "1/2-1/2"]
[PlyCount "42"]
[EventDate "1996.09.01"]

1. d4 d5 2. Nf3 Nc6 3. Bf4 Bg4 4. e3 e6 5. Be2 Bd6 6. Bxd6 Qxd6 7. O-O Nge7 8.
Nbd2 O-O 9. c4 Rad8 10. Re1 f5 11. a3 f4 12. c5 Qd7 13. Ne5 Nxe5 14. Bxg4 Nxg4
15. Qxg4 fxe3 16. Rxe3 Nf5 17. Re5 Rf6 18. Nf3 Rdf8 19. Rae1 Rg6 20. Qh3 Qf7
21. R5e2 Rh6 1/2-1/2